000 00490nam a2200181Ia 4500
005 20250508154100.0
008 008 250505s9999 xx 000 0 eng d
037 _aTextual
040 _aFEDL
_beng
_cFEDL
041 _aeng
_2eng
084 _a370.15, SAY
_qFEDL
100 _aSaycrs E. V.
_9765010
245 0 _aFirst course in philosophy
300 _axv,399p.
650 _aEducation - Psychology
_9755527
942 _cTEXL
_h370.15, SAY
999 _c1347508
_d1347508